|
|
|
|
| LEADER |
01718nam a2200385Ia 4500 |
| 001 |
EBC295128 |
| 003 |
MiAaPQ |
| 005 |
20200520144314.0 |
| 006 |
m o d | |
| 007 |
cr cn||||||||| |
| 008 |
000807s2000 onca sb f100 0 eng d |
| 010 |
|
|
|z 00702975
|
| 020 |
|
|
|z 0889369143 (pbk.)
|
| 035 |
|
|
|a (MiAaPQ)EBC295128
|
| 035 |
|
|
|a (Au-PeEL)EBL295128
|
| 035 |
|
|
|a (CaPaEBR)ebr10176425
|
| 035 |
|
|
|a (CaONFJC)MIL84991
|
| 035 |
|
|
|a (OCoLC)65221199
|
| 040 |
|
|
|a MiAaPQ
|c MiAaPQ
|d MiAaPQ
|
| 050 |
|
4 |
|a HN780.Z9
|b I56 A47 2000
|
| 245 |
0 |
0 |
|a African youth on the information highway
|h [electronic resource] :
|b participation and leadership in community development /
|c edited by Osita Ogbu and Paschal Mihyo.
|
| 260 |
|
|
|a Ottawa :
|b International Development Research Centre,
|c c2000.
|
| 300 |
|
|
|a xviii, 110 p. :
|b ill.
|
| 500 |
|
|
|a Papers originally presented at the Youth Leadership Programme for Information and Communication Technologies for Community Development in Africa (ALPID) Workshop, 2-3 March 1998, Nairobi, Kenya (p. vi).
|
| 504 |
|
|
|a Includes bibliographical references.
|
| 533 |
|
|
|a Electronic reproduction. Ann Arbor, MI : ProQuest, 2015. Available via World Wide Web. Access may be limited to ProQuest affiliated libraries.
|
| 650 |
|
0 |
|a Community development
|z Africa
|v Congresses.
|
| 650 |
|
0 |
|a Information technology
|z Africa
|v Congresses.
|
| 650 |
|
0 |
|a Youth
|z Africa
|v Congresses.
|
| 655 |
|
4 |
|a Electronic books.
|
| 700 |
1 |
|
|a Ogbu, Michael Osita.
|
| 700 |
1 |
|
|a Mihyo, Paschal B.
|
| 710 |
2 |
|
|a International Development Research Centre (Canada)
|
| 710 |
2 |
|
|a ProQuest (Firm)
|
| 856 |
4 |
0 |
|u https://ebookcentral.proquest.com/lib/matrademy/detail.action?docID=295128
|z Click to View
|